Southville International School and Colleges
Your cart is empty.
  • Cart
  • Lists
    Public lists Eva Luna New books Lux_list list_1
    Your lists Log in to create your own lists
  • Log in to your account
  • Your cookies
  • Search history
Southville International School and Colleges
  • Advanced search
  • Recent comments
  • Most popular
  • Libraries

Log in to your account

Log in with GOOGLE


If you do not have an external account, but do have a local account, you can still log in:

  1. Home
  2. MARC view: Sociology for Nurses.
Normal view MARC view ISBD view

Sociology for Nurses. (Record no. 21982)

[ view plain ]
MARC details
000 -LEADER
fixed length control field 00609nam a2200229 a 4500
005 - DATE AND TIME OF LATEST TRANSACTION
control field 20140310183347.0
008 - FIXED-LENGTH DATA ELEMENTS--GENERAL INFORMATION
fixed length control field 070410s19uu xx 00 eng d
020 ## - INTERNATIONAL STANDARD BOOK NUMBER
International Standard Book Number 13:978-074-560-367-4
050 ## - LIBRARY OF CONGRESS CALL NUMBER
Classification number RT 86.5
Item number .So665 2005
100 ## - MAIN ENTRY--PERSONAL NAME
Personal name Denny, Elaine, edited by
245 ## - TITLE STATEMENT
Title Sociology for Nurses.
260 ## - PUBLICATION, DISTRIBUTION, ETC. (IMPRINT)
Place of publication, distribution, etc U.S.A :
Name of publisher, distributor, etc Polity Press,
Date of publication, distribution, etc 2005.
300 ## - PHYSICAL DESCRIPTION
Extent 310 p. :
Dimensions 21 cm.
521 ## - TARGET AUDIENCE NOTE
Target audience note
650 ## - SUBJECT ADDED ENTRY--TOPICAL TERM
Topical term or geographic name as entry element Nursing
General subdivision Social aspects.
650 ## - SUBJECT ADDED ENTRY--TOPICAL TERM
Topical term or geographic name as entry element Social medicine.
650 ## - SUBJECT ADDED ENTRY--TOPICAL TERM
Topical term or geographic name as entry element Nursing Care
General subdivision Psychology.
700 ## - ADDED ENTRY--PERSONAL NAME
Personal name Sarah, Earle
942 ## - ADDED ENTRY ELEMENTS (KOHA)
Koha item type Books
Source of classification or shelving scheme Library of Congress Classification
Call number prefix Foreign
Holdings
Withdrawn status Lost status Source of classification or shelving scheme Damaged status Home library Current library Shelving location Date acquired Total Checkouts Full call number Barcode Date last seen Copy number Price effective from Koha item type
    Library of Congress Classification   College Library College Library General Circulation Section 04/10/2007   RT 86.5 .So665 2005 C8273 05/15/2018 1 03/10/2014 Books
    Library of Congress Classification   College Library College Library General Circulation Section 12/12/2013   RT 86.5 .So665 2005 C13769 05/15/2018 2 12/12/2013 Books

Sociology for Nurses.

APA

Denny E. e. b., Sarah E., . (2005). Sociology for Nurses. U.S.A: Polity Press.

Chicago

Denny Elaine edited by, Sarah Earle, . 2005. Sociology for Nurses. U.S.A: Polity Press.

Harvard

Denny E. e. b., Sarah E., . (2005). Sociology for Nurses. U.S.A: Polity Press.

MLA

Denny Elaine edited by, Sarah Earle, . Sociology for Nurses. U.S.A: Polity Press. 2005.

  • Place hold
  • Print
  • Cite
  • Add to your cart (remove)
  • Save record
    BIBTEX Dublin Core MARCXML MARC (non-Unicode/MARC-8) MARC (Unicode/UTF-8) MARC (Unicode/UTF-8, Standard) MODS (XML) RIS
  • More searches
    Search for this title in:
    Other Libraries (WorldCat) Other Databases (Google Scholar) Online Stores (Bookfinder.com) Open Library (openlibrary.org)

Exporting to Dublin Core...

SOUTHVILLE LIBRARY

Southville International School and Colleges Library

1281 Tropical Ave. Cor. Luxembourg St., BF Homes International, Las Pinas City

Tel. No. 8256374 / 252358 Loc. 117/146

Powered by Koha